header

Deleuze and history (Record no. 927)

MARC details
000 -LEADER
fixed length control field 01286nam a2200349Ia 4500
245 00 - TITLE STATEMENT
Title Deleuze and history
260 ## - PUBLICATION, DISTRIBUTION, ETC. (IMPRINT)
Place of publication Edinburgh :
Name of publisher Edinburgh University Press,
Year of publication c2009.
300 ## - PHYSICAL DESCRIPTION
Number of Pages vi, 241 p.
490 1# - SERIES STATEMENT
Series statement Deleuze connections
650 #0 - SUBJECT ADDED ENTRY--TOPICAL TERM
Topical Term History
700 1# - ADDED ENTRY--PERSONAL NAME
Personal name Bell, Jeffrey A.
Personal name Colebrook, Claire.
856 40 - ELECTRONIC LOCATION AND ACCESS
Uniform Resource Identifier http://site.ebrary.com/lib/rucke/Doc?id=10288212

No items available.

© 2026 Rongo University
Contact us: librarian | system librarian | Rongo university